| Tag |
First Indicator |
Second Indicator |
Subfields |
| LEADER |
00000cam a2200000 i 4500 |
| 001 |
in00000064797 |
| 005 |
20151008050714.0 |
| 008 |
741024s1974 nyua b 00110beng |
| 010 |
|
|
|a 73022867
|
| 020 |
|
|
|a 0124358403
|
| 035 |
|
|
|a (OCoLC)01072920
|
| 035 |
|
|
|9 AAG2774AM
|
| 040 |
|
|
|a DLC
|c DLC
|d TXA
|d UtOrBLW
|
| 049 |
|
|
|a TXAM
|c [1234226]
|
| 050 |
0 |
0 |
|a QC16.E5
|b L33 1974
|
| 082 |
0 |
|
|a 530/.092/4
|a B
|
| 100 |
1 |
|
|a Lanczos, Cornelius,
|d 1893-1974.
|
| 245 |
1 |
4 |
|a The Einstein decade, 1905-1915 /
|c Cornelius Lanczos.
|
| 264 |
|
1 |
|a New York :
|b Academic Press,
|c 1974.
|
| 300 |
|
|
|a xiv, 230 pages :
|b illustrations ;
|c 23 cm.
|
| 336 |
|
|
|a text
|b txt
|2 rdacontent
|
| 337 |
|
|
|a unmediated
|b n
|2 rdamedia
|
| 338 |
|
|
|a volume
|b nc
|2 rdacarrier
|
| 500 |
|
|
|a Includes index.
|
| 504 |
|
|
|a Bibliography: pages 217-218.
|
| 600 |
1 |
0 |
|a Einstein, Albert,
|d 1879-1955.
|
| 999 |
|
|
|a MARS
|
| 999 |
f |
f |
|s 0259a1c7-1f27-3710-a901-52da6b071a20
|i 806c6d3e-3fd7-3531-b22d-d25b211cecf0
|t 0
|
| 952 |
f |
f |
|p normal
|a Texas A&M University
|b College Station
|c Sterling C. Evans Library
|d Evans: Library Stacks
|t 0
|e QC16.E5 L33 1974
|h Library of Congress classification
|i unmediated -- volume
|m A14804590371
|
| 998 |
f |
f |
|a QC16.E5 L33 1974
|t 0
|l Evans: Library Stacks
|